00794 2200205 4500001002100000005001700021008004100038035002500079082001000104090002000114100002600134245018000160260005100340300003600391500008100427500002700508650002300535850001200558990001800570YOGYA-0209000007179120150429112644.0 ind  a0010-020900000071791 a332.1 aSK 332.1bYus A aYUSTANTO, Nugroho Any aAnalisis pengaruh promosi tabungan sutera terhadap tingkat perolehan dana terhimpun pada bank pembangunan daerah Propinsi Daerah Istimewa Yogyakartacoleh Nugroho Any Yustanto ayogyakartabFakultas Ekonomi UPN Veteranc1996 ax, 69 lembar :bilus. ;c29 cm. aSkripsi Fakultas ekonomi universitas pembangunan nasional veteran yogyakarta aBibiografi : lembar 69 aBank dan Perbankan aYOPDYOG a35805-PD/A.08